000 00512nam a2200181 i 4500
001 6198
003 ES-MaACL
005 20230906144829.0
007 t|
008 890825s1989 sp |||| | spa d
080 _a061.2(464.1)F.B.E."1988"(058)
110 2 _aFundación Banco Exterior.
_94226
245 1 0 _aMemoria de actividades en 1988.
260 _aMadrid :
_bFundación Banco Exterior,
_c[1989]
300 _a35 p. ;
_c30 cm.
610 2 4 _aFundación Banco Exterior.
_94226
852 _aES-MaACL
_j2139-F-10
999 _c6198
_d6198